000 00328nam a2200133Ia 4500
008 210716s1994 xx 000 0 und d
020 _a8170292913
041 _aeng
082 _a003.57 ERDD
100 _aErdos Dawn
245 _aTeach yourself coreldraw.
260 _aNew Delhi
_bBPB Publications
_c1994
300 _aXVI,350
999 _c182758
_d182758